[Event "DVM U16 2015"]
[Site "Lingen (Ems) GER"]
[Date "2015.12.29"]
[Round "6"]
[White "Kreyssig, Bruno"]
[Black "Ehmann, Thilo"]
[Result "1/2-1/2"]
[Termination "normal"]
[Board "2.1"]
[WhiteElo "2049"]
[BlackElo "2211"]
[WhiteClock "00:09:22"]
[BlackClock "00:40:01"]
[WhiteTeam "SG Leipzig"]
[BlackTeam "SF Sasbach"]
[PlyCount "102"]
[WhiteFideId "4692489"]
[BlackFideId "12940968"]
[EventCountry "GER"]
[EventRounds "7"]
[EventType "team-swiss"]
[EventDate "2015.12.26"]

1. e4 {[%clk 1:30:58]} c5 {[%clk 1:30:58]} 2. Nf3 {[%clk 1:31:22]} Nc6 {[%clk
1:31:26]} 3. d4 {[%clk 1:31:45]} cxd4 {[%clk 1:31:55]} 4. Nxd4 {[%clk 1:32:08]}
g6 {[%clk 1:32:23]} 5. Nc3 {[%clk 1:32:28]} Bg7 {[%clk 1:32:52]} 6. Nde2 {[%clk
1:32:50]} Nf6 {[%clk 1:33:16]} 7. g3 {[%clk 1:33:10]} d6 {[%clk 1:33:41]} 8.
Bg2 {[%clk 1:33:35]} O-O {[%clk 1:34:07]} 9. O-O {[%clk 1:33:58]} Rb8 {[%clk
1:31:20]} 10. a4 {[%clk 1:34:03]} b6 {[%clk 1:30:56]} 11. h3 {[%clk 1:29:18]}
Bb7 {[%clk 1:30:50]} 12. Nd5 {[%clk 1:26:05]} e6 {[%clk 1:29:54]} 13. Nxf6+
{[%clk 1:24:14]} Bxf6 {[%clk 1:30:16]} 14. Rb1 {[%clk 1:24:00]} Bg7 {[%clk
1:27:30]} 15. c4 {[%clk 1:21:32]} Qe7 {[%clk 1:26:52]} 16. b3 {[%clk 1:18:47]}
Rbd8 {[%clk 1:26:36]} 17. Bb2 {[%clk 1:14:22]} Be5 {[%clk 1:22:01]} 18. Qd2
{[%clk 1:02:27]} Rfe8 {[%clk 1:17:47]} 19. Nf4 {[%clk 0:57:21]} h5 {[%clk
1:15:32]} 20. h4 {[%clk 0:54:56]} Qf6 {[%clk 1:12:22]} 21. Rfd1 {[%clk
0:50:58]} Ba8 {[%clk 1:11:12]} 22. Ba1 {[%clk 0:42:21]} Kh7 {[%clk 1:05:05]}
23. Rbc1 {[%clk 0:39:32]} Bxa1 {[%clk 1:04:03]} 24. Rxa1 {[%clk 0:39:54]} Ne5
{[%clk 1:03:38]} 25. Rac1 {[%clk 0:36:55]} Qe7 {[%clk 1:01:54]} 26. Qc2 {[%clk
0:33:12]} Kg8 {[%clk 1:00:59]} 27. Rd2 {[%clk 0:33:16]} Nd7 {[%clk 0:50:46]}
28. Rcd1 {[%clk 0:27:35]} Nf6 {[%clk 0:50:28]} 29. Kf1 {[%clk 0:21:42]} Kg7
{[%clk 0:42:51]} 30. Ne2 {[%clk 0:21:54]} Rd7 {[%clk 0:36:11]} 31. Nc3 {[%clk
0:18:52]} Red8 {[%clk 0:35:56]} 32. Kg1 {[%clk 0:15:59]} Kh7 {[%clk 0:33:32]}
33. Qb2 {[%clk 0:12:22]} Ne8 {[%clk 0:31:24]} 34. Qa3 {[%clk 0:11:18]} g5
{[%clk 0:27:43]} 35. hxg5 {[%clk 0:07:16]} Qxg5 {[%clk 0:27:03]} 36. Qb2 {[%clk
0:03:40]} Nf6 {[%clk 0:25:16]} 37. Qc2 {[%clk 0:02:49]} Kg7 {[%clk 0:25:12]}
38. Rd3 {[%clk 0:02:22]} Kg8 {[%clk 0:24:11]} 39. Qe2 {[%clk 0:02:15]} Qg6
{[%clk 0:21:29]} 40. Rd4 {[%clk 0:01:04]} Kf8 {[%clk 0:18:12]} 41. Bf3 {[%clk
0:22:54]} h4 {[%clk 0:47:32]} 42. e5 {[%clk 0:17:33]} Bxf3 {[%clk 0:46:54]} 43.
Qxf3 {[%clk 0:18:02]} dxe5 {[%clk 0:46:30]} 44. Rxh4 {[%clk 0:18:01]} Rxd1+
{[%clk 0:42:24]} 45. Nxd1 {[%clk 0:18:30]} Qf5 {[%clk 0:40:19]} 46. Qe2 {[%clk
0:16:31]} Qd3 {[%clk 0:39:48]} 47. Qxd3 {[%clk 0:09:22]} Rxd3 {[%clk 0:40:13]}
48. Ne3 {[%clk 0:09:24]} Rxb3 {[%clk 0:40:24]} 49. Rh8+ {[%clk 0:09:35]} Ke7
{[%clk 0:40:41]} 50. Ra8 {[%clk 0:09:57]} a5 {[%clk 0:40:29]} 51. c5 {[%clk
0:09:22]} bxc5 {[%clk 0:40:01]} 1/2-1/2

[Event "DVM U16 2015"]
[Site "Lingen (Ems) GER"]
[Date "2015.12.29"]
[Round "6"]
[White "Riehle, Marco"]
[Black "Hofmann, Timo"]
[Result "1-0"]
[Termination "normal"]
[Board "2.2"]
[WhiteElo "2171"]
[BlackElo "1776"]
[WhiteClock "01:30:56"]
[BlackClock "00:13:37"]
[WhiteTeam "SF Sasbach"]
[BlackTeam "SG Leipzig"]
[PlyCount "111"]
[WhiteFideId "12904392"]
[BlackFideId "12946044"]
[EventCountry "GER"]
[EventRounds "7"]
[EventType "team-swiss"]
[EventDate "2015.12.26"]

1. e4 {[%clk 1:30:55]} e6 {[%clk 1:30:55]} 2. d4 {[%clk 1:31:21]} d5 {[%clk
1:31:20]} 3. exd5 {[%clk 1:31:48]} exd5 {[%clk 1:31:43]} 4. c4 {[%clk 1:32:16]}
Nf6 {[%clk 1:32:03]} 5. Nf3 {[%clk 1:32:30]} Bb4+ {[%clk 1:32:25]} 6. Nc3
{[%clk 1:32:54]} Nc6 {[%clk 1:32:31]} 7. Be2 {[%clk 1:33:09]} O-O {[%clk
1:32:49]} 8. O-O {[%clk 1:33:34]} dxc4 {[%clk 1:33:11]} 9. Bxc4 {[%clk
1:30:18]} Bg4 {[%clk 1:33:24]} 10. Bg5 {[%clk 1:30:17]} Bxf3 {[%clk 1:19:26]}
11. Qxf3 {[%clk 1:30:40]} Qxd4 {[%clk 1:15:41]} 12. Bxf6 {[%clk 1:30:20]} Qxf6
{[%clk 1:11:55]} 13. Qxf6 {[%clk 1:30:46]} gxf6 {[%clk 1:12:11]} 14. Nd5 {[%clk
1:31:14]} Bd6 {[%clk 1:12:09]} 15. Nxf6+ {[%clk 1:28:06]} Kg7 {[%clk 1:10:07]}
16. Nh5+ {[%clk 1:27:53]} Kg8 {[%clk 1:10:08]} 17. Rfe1 {[%clk 1:25:46]} Ne5
{[%clk 1:08:59]} 18. Bb3 {[%clk 1:25:34]} Kh8 {[%clk 1:02:39]} 19. Nf6 {[%clk
1:21:25]} Ng6 {[%clk 0:57:29]} 20. Rad1 {[%clk 1:20:55]} Kg7 {[%clk 0:53:17]}
21. Nh5+ {[%clk 1:20:58]} Kh8 {[%clk 0:52:07]} 22. Nf6 {[%clk 1:19:02]} Kg7
{[%clk 0:50:04]} 23. Ne4 {[%clk 1:18:59]} Rad8 {[%clk 0:41:02]} 24. Nxd6 {[%clk
1:19:09]} Rxd6 {[%clk 0:41:01]} 25. Rxd6 {[%clk 1:19:30]} cxd6 {[%clk 0:41:24]}
26. Rc1 {[%clk 1:18:47]} Re8 {[%clk 0:40:11]} 27. g3 {[%clk 1:18:15]} Re7
{[%clk 0:33:38]} 28. Rc8 {[%clk 1:18:12]} Ne5 {[%clk 0:32:57]} 29. Rd8 {[%clk
1:16:36]} Rd7 {[%clk 0:29:48]} 30. Rxd7 {[%clk 1:17:03]} Nxd7 {[%clk 0:30:06]}
31. Kf1 {[%clk 1:16:46]} Nc5 {[%clk 0:28:44]} 32. Bd5 {[%clk 1:17:12]} b6
{[%clk 0:28:31]} 33. Ke2 {[%clk 1:17:29]} Ne6 {[%clk 0:23:40]} 34. f4 {[%clk
1:16:39]} Kf6 {[%clk 0:22:33]} 35. Ke3 {[%clk 1:16:40]} Nc7 {[%clk 0:20:18]}
36. Ke4 {[%clk 1:16:47]} h6 {[%clk 0:13:05]} 37. g4 {[%clk 1:16:15]} Ne6 {[%clk
0:11:19]} 38. h4 {[%clk 1:15:45]} Nc5+ {[%clk 0:08:25]} 39. Ke3 {[%clk
1:14:21]} Kg6 {[%clk 0:05:17]} 40. b4 {[%clk 1:13:29]} Na6 {[%clk 0:04:11]} 41.
a3 {[%clk 1:12:58]} Nc7 {[%clk 0:02:52]} 42. Bc4 {[%clk 1:11:34]} f6 {[%clk
0:00:44]} 43. b5 {[%clk 1:02:53]} Kg7 {[%clk 0:28:08]} 44. a4 {[%clk 1:34:16]}
Kg6 {[%clk 0:28:04]} 45. Ke4 {[%clk 1:33:22]} Kg7 {[%clk 0:26:22]} 46. Kf5
{[%clk 1:31:15]} d5 {[%clk 0:25:18]} 47. Bd3 {[%clk 1:30:58]} Kf7 {[%clk
0:24:11]} 48. g5 {[%clk 1:31:19]} fxg5 {[%clk 0:23:44]} 49. fxg5 {[%clk
1:31:21]} hxg5 {[%clk 0:21:34]} 50. hxg5 {[%clk 1:31:17]} Ne6 {[%clk 0:21:22]}
51. g6+ {[%clk 1:31:19]} Ke7 {[%clk 0:21:41]} 52. Ke5 {[%clk 1:31:03]} Nc5
{[%clk 0:18:52]} 53. Bc2 {[%clk 1:31:25]} a5 {[%clk 0:14:43]} 54. Kxd5 {[%clk
1:30:42]} Nd7 {[%clk 0:13:42]} 55. Kc6 {[%clk 1:30:56]} Ke6 {[%clk 0:13:37]}
56. Bf5+ 1-0

[Event "DVM U16 2015"]
[Site "Lingen (Ems) GER"]
[Date "2015.12.29"]
[Round "6"]
[White "Faßhauer, Jacob"]
[Black "Zimmer, Raphael"]
[Result "0-1"]
[Termination "normal"]
[Board "2.3"]
[WhiteElo "1719"]
[BlackElo "2049"]
[WhiteClock "00:54:19"]
[BlackClock "01:11:38"]
[WhiteTeam "SG Leipzig"]
[BlackTeam "SF Sasbach"]
[PlyCount "40"]
[WhiteFideId "12990167"]
[BlackFideId "12978841"]
[EventCountry "GER"]
[EventRounds "7"]
[EventType "team-swiss"]
[EventDate "2015.12.26"]

1. e4 {[%clk 1:30:58]} e5 {[%clk 1:30:55]} 2. Nf3 {[%clk 1:31:24]} Nc6 {[%clk
1:31:22]} 3. Bc4 {[%clk 1:31:47]} Bc5 {[%clk 1:31:47]} 4. O-O {[%clk 1:32:08]}
Nf6 {[%clk 1:32:12]} 5. d4 {[%clk 1:32:32]} exd4 {[%clk 1:32:28]} 6. e5 {[%clk
1:32:53]} d5 {[%clk 1:32:54]} 7. exf6 {[%clk 1:32:56]} dxc4 {[%clk 1:33:17]} 8.
fxg7 {[%clk 1:33:22]} Rg8 {[%clk 1:33:40]} 9. Bg5 {[%clk 1:33:35]} Be7 {[%clk
1:33:39]} 10. Bxe7 {[%clk 1:33:54]} Kxe7 {[%clk 1:34:04]} 11. Re1+ {[%clk
1:32:08]} Be6 {[%clk 1:32:34]} 12. Nbd2 {[%clk 1:30:37]} Kf6 {[%clk 1:32:20]}
13. Ne4+ {[%clk 1:26:42]} Kxg7 {[%clk 1:32:32]} 14. Qd2 {[%clk 1:16:04]} Kh8
{[%clk 1:21:31]} 15. Neg5 {[%clk 1:12:10]} Qf6 {[%clk 1:17:42]} 16. Kh1 {[%clk
1:07:49]} Qg6 {[%clk 1:14:42]} 17. g3 {[%clk 0:57:08]} Bd5 {[%clk 1:13:45]} 18.
h4 {[%clk 0:53:38]} h6 {[%clk 1:11:34]} 19. Kg2 {[%clk 0:53:57]} hxg5 {[%clk
1:11:27]} 20. hxg5 {[%clk 0:54:19]} Qh5 {[%clk 1:11:38]} 0-1

[Event "DVM U16 2015"]
[Site "Lingen (Ems) GER"]
[Date "2015.12.29"]
[Round "6"]
[White "Schneider, Edward"]
[Black "Knüpfer, Tim"]
[Result "0-1"]
[Termination "normal"]
[Board "2.4"]
[WhiteElo "1617"]
[BlackElo "1592"]
[WhiteClock "00:15:06"]
[BlackClock "01:13:15"]
[WhiteTeam "SF Sasbach"]
[BlackTeam "SG Leipzig"]
[PlyCount "48"]
[WhiteFideId "16200870"]
[BlackFideId "16217489"]
[EventCountry "GER"]
[EventRounds "7"]
[EventType "team-swiss"]
[EventDate "2015.12.26"]

1. e4 {[%clk 1:30:58]} c5 {[%clk 1:30:56]} 2. Nf3 {[%clk 1:31:21]} d6 {[%clk
1:31:25]} 3. d4 {[%clk 1:31:43]} cxd4 {[%clk 1:31:51]} 4. Nxd4 {[%clk 1:32:06]}
Nf6 {[%clk 1:32:19]} 5. Nc3 {[%clk 1:32:22]} g6 {[%clk 1:32:46]} 6. Be3 {[%clk
1:32:31]} Bg7 {[%clk 1:33:12]} 7. f3 {[%clk 1:32:46]} O-O {[%clk 1:33:34]} 8.
Qd2 {[%clk 1:33:09]} Nc6 {[%clk 1:33:59]} 9. O-O-O {[%clk 1:33:24]} Nxd4 {[%clk
1:34:25]} 10. Bxd4 {[%clk 1:33:10]} Be6 {[%clk 1:34:51]} 11. Kb1 {[%clk
1:32:47]} Qc7 {[%clk 1:35:18]} 12. g4 {[%clk 1:32:37]} Rfc8 {[%clk 1:35:41]}
13. h4 {[%clk 1:30:52]} Qa5 {[%clk 1:36:08]} 14. a3 {[%clk 1:22:43]} Rab8
{[%clk 1:34:03]} 15. h5 {[%clk 1:10:06]} b5 {[%clk 1:33:33]} 16. hxg6 {[%clk
1:03:26]} hxg6 {[%clk 1:33:54]} 17. Bxb5 {[%clk 0:45:00]} Rxb5 {[%clk 1:32:46]}
18. Nxb5 {[%clk 0:45:19]} Qxb5 {[%clk 1:33:14]} 19. Rh4 {[%clk 0:42:57]} Rc4
{[%clk 1:18:04]} 20. c3 {[%clk 0:24:37]} Ra4 {[%clk 1:13:36]} 21. Rdh1 {[%clk
0:19:19]} Rxa3 {[%clk 1:12:18]} 22. Qh2 {[%clk 0:18:31]} Qd3+ {[%clk 1:12:25]}
23. Qc2 {[%clk 0:15:01]} Ra1+ {[%clk 1:12:48]} 24. Kxa1 {[%clk 0:15:06]} Qxc2
{[%clk 1:13:15]} 0-1

[Event "DVM U16 2015"]
[Site "Lingen (Ems) GER"]
[Date "2015.12.29"]
[Round "6"]
[White "Schnabel, Bennett"]
[Black "Hartge, Gedeon"]
[Result "1-0"]
[Termination "normal"]
[Board "3.1"]
[WhiteElo "2072"]
[BlackElo "1971"]
[WhiteClock "00:34:36"]
[BlackClock "00:37:03"]
[WhiteTeam "SV Mattnetz Berlin"]
[BlackTeam "USV Volksbank Halle"]
[PlyCount "69"]
[WhiteFideId "12943290"]
[BlackFideId "12932116"]
[EventCountry "GER"]
[EventRounds "7"]
[EventType "team-swiss"]
[EventDate "2015.12.26"]

1. e4 {[%clk 1:30:52]} c5 {[%clk 1:30:56]} 2. c3 {[%clk 1:31:11]} g6 {[%clk
1:31:22]} 3. d4 {[%clk 1:31:30]} cxd4 {[%clk 1:31:46]} 4. cxd4 {[%clk 1:31:50]}
d5 {[%clk 1:32:11]} 5. e5 {[%clk 1:32:08]} Nc6 {[%clk 1:32:37]} 6. Nc3 {[%clk
1:32:10]} Nh6 {[%clk 1:32:41]} 7. Bb5 {[%clk 1:32:21]} Bg7 {[%clk 1:32:05]} 8.
Bf4 {[%clk 1:31:58]} e6 {[%clk 1:25:02]} 9. Nf3 {[%clk 1:29:27]} Nf5 {[%clk
1:20:34]} 10. O-O {[%clk 1:27:37]} O-O {[%clk 1:19:52]} 11. Bxc6 {[%clk
1:25:34]} bxc6 {[%clk 1:20:12]} 12. Na4 {[%clk 1:25:49]} f6 {[%clk 1:14:36]}
13. Rc1 {[%clk 1:21:03]} Qa5 {[%clk 1:05:01]} 14. b3 {[%clk 1:10:17]} Ne7
{[%clk 0:57:09]} 15. Re1 {[%clk 1:01:09]} fxe5 {[%clk 0:54:35]} 16. Bxe5 {[%clk
1:01:07]} Bh6 {[%clk 0:54:45]} 17. Rc2 {[%clk 0:58:29]} Qd8 {[%clk 0:50:03]}
18. Bg3 {[%clk 0:56:37]} Nf5 {[%clk 0:49:15]} 19. Ne5 {[%clk 0:42:42]} Nxg3
{[%clk 0:46:36]} 20. hxg3 {[%clk 0:42:59]} Qf6 {[%clk 0:43:09]} 21. Nc5 {[%clk
0:40:46]} Bg7 {[%clk 0:42:54]} 22. Ncd7 {[%clk 0:39:12]} Bxd7 {[%clk 0:43:18]}
23. Nxd7 {[%clk 0:39:29]} Qxd4 {[%clk 0:43:17]} 24. Qxd4 {[%clk 0:39:41]} Bxd4
{[%clk 0:43:41]} 25. Nxf8 {[%clk 0:40:06]} Rxf8 {[%clk 0:44:05]} 26. Rxe6
{[%clk 0:40:24]} c5 {[%clk 0:43:35]} 27. Rd6 {[%clk 0:39:19]} Rf7 {[%clk
0:39:01]} 28. Rxd5 {[%clk 0:39:05]} Rb7 {[%clk 0:39:19]} 29. Rd8+ {[%clk
0:36:52]} Kg7 {[%clk 0:38:53]} 30. Kf1 {[%clk 0:36:45]} Rf7 {[%clk 0:37:46]}
31. f3 {[%clk 0:36:37]} Rb7 {[%clk 0:38:03]} 32. Ra8 {[%clk 0:35:53]} Kf6
{[%clk 0:38:00]} 33. Rc4 {[%clk 0:35:56]} Kg5 {[%clk 0:36:44]} 34. Ra4 {[%clk
0:35:15]} Re7 {[%clk 0:37:03]} 35. R8xa7 {[%clk 0:34:36]} 1-0

[Event "DVM U16 2015"]
[Site "Lingen (Ems) GER"]
[Date "2015.12.29"]
[Round "6"]
[White "Gröbel, Aaron"]
[Black "Hesse, Henrik"]
[Result "1-0"]
[Termination "normal"]
[Board "3.2"]
[WhiteElo "1892"]
[BlackElo "1916"]
[WhiteClock "00:31:00"]
[BlackClock "00:01:58"]
[WhiteTeam "USV Volksbank Halle"]
[BlackTeam "SV Mattnetz Berlin"]
[PlyCount "109"]
[WhiteFideId "12914851"]
[BlackFideId "12952060"]
[EventCountry "GER"]
[EventRounds "7"]
[EventType "team-swiss"]
[EventDate "2015.12.26"]

1. e4 {[%clk 1:30:55]} e5 {[%clk 1:30:46]} 2. Nf3 {[%clk 1:31:19]} Nf6 {[%clk
1:30:53]} 3. Nxe5 {[%clk 1:31:43]} d6 {[%clk 1:31:13]} 4. Nf3 {[%clk 1:32:08]}
Nxe4 {[%clk 1:31:32]} 5. c4 {[%clk 1:32:20]} Be7 {[%clk 1:28:59]} 6. d4 {[%clk
1:32:26]} d5 {[%clk 1:19:57]} 7. Nc3 {[%clk 1:32:02]} Nxc3 {[%clk 1:18:11]} 8.
bxc3 {[%clk 1:32:31]} Bf5 {[%clk 1:18:18]} 9. Qb3 {[%clk 1:30:01]} Nd7 {[%clk
0:53:33]} 10. cxd5 {[%clk 1:22:11]} O-O {[%clk 0:41:58]} 11. Be2 {[%clk
1:20:43]} Nb6 {[%clk 0:41:43]} 12. c4 {[%clk 1:20:45]} Re8 {[%clk 0:20:02]} 13.
Be3 {[%clk 1:19:51]} Bf6 {[%clk 0:19:08]} 14. O-O {[%clk 1:19:15]} Bg4 {[%clk
0:18:21]} 15. h3 {[%clk 1:17:55]} Bh5 {[%clk 0:17:32]} 16. Rad1 {[%clk
1:14:11]} a5 {[%clk 0:15:37]} 17. Qc2 {[%clk 1:11:27]} Qe7 {[%clk 0:15:10]} 18.
Rfe1 {[%clk 1:05:39]} Qb4 {[%clk 0:13:41]} 19. Rb1 {[%clk 1:04:23]} Bg6 {[%clk
0:12:03]} 20. Bd3 {[%clk 0:58:26]} Bxd3 {[%clk 0:04:27]} 21. Qxd3 {[%clk
0:58:49]} Qxc4 {[%clk 0:03:38]} 22. Qxc4 {[%clk 0:58:36]} Nxc4 {[%clk 0:04:02]}
23. Rxb7 {[%clk 0:58:25]} Rac8 {[%clk 0:04:10]} 24. Rc1 {[%clk 0:56:30]} Nxe3
{[%clk 0:03:49]} 25. fxe3 {[%clk 0:56:58]} Rxe3 {[%clk 0:04:09]} 26. Kf2 {[%clk
0:56:10]} Ree8 {[%clk 0:01:46]} 27. Rcxc7 {[%clk 0:56:11]} Rcd8 {[%clk
0:01:31]} 28. Rb5 {[%clk 0:55:48]} a4 {[%clk 0:01:36]} 29. Ra7 {[%clk 0:55:47]}
Ra8 {[%clk 0:01:19]} 30. Rba5 {[%clk 0:55:54]} Rad8 {[%clk 0:01:06]} 31. R7a6
{[%clk 0:52:39]} h6 {[%clk 0:01:01]} 32. d6 {[%clk 0:52:29]} Re6 {[%clk
0:00:43]} 33. Rxa4 {[%clk 0:52:46]} Rexd6 {[%clk 0:01:04]} 34. Rxd6 {[%clk
0:53:03]} Rxd6 {[%clk 0:01:22]} 35. Rc4 {[%clk 0:52:43]} Kf8 {[%clk 0:01:23]}
36. Ke3 {[%clk 0:53:05]} Ke7 {[%clk 0:01:41]} 37. Ke4 {[%clk 0:52:35]} Kd7
{[%clk 0:01:35]} 38. d5 {[%clk 0:51:24]} g6 {[%clk 0:01:43]} 39. a4 {[%clk
0:46:02]} Bg7 {[%clk 0:01:37]} 40. Rc5 {[%clk 0:32:03]} f5+ {[%clk 0:01:26]}
41. Kd3 {[%clk 0:28:27]} Ra6 {[%clk 0:29:50]} 42. a5 {[%clk 0:59:06]} g5 {[%clk
0:26:32]} 43. Kc4 {[%clk 0:54:31]} g4 {[%clk 0:26:24]} 44. hxg4 {[%clk
0:54:41]} fxg4 {[%clk 0:26:44]} 45. Nd2 {[%clk 0:54:20]} Bf8 {[%clk 0:25:43]}
46. Rb5 {[%clk 0:54:00]} h5 {[%clk 0:23:19]} 47. Rb7+ {[%clk 0:48:06]} Kc8
{[%clk 0:19:07]} 48. Rf7 {[%clk 0:47:10]} Bh6 {[%clk 0:18:49]} 49. Kb5 {[%clk
0:43:47]} Rd6 {[%clk 0:18:02]} 50. Kc5 {[%clk 0:44:17]} Ra6 {[%clk 0:17:12]}
51. Nc4 {[%clk 0:44:12]} Rg6 {[%clk 0:04:36]} 52. d6 {[%clk 0:37:15]} Rg7
{[%clk 0:03:01]} 53. Nb6+ {[%clk 0:30:24]} Kb8 {[%clk 0:03:03]} 54. Re7 {[%clk
0:30:40]} Rg8 {[%clk 0:01:58]} 55. Kc6 {[%clk 0:31:00]} 1-0

[Event "DVM U16 2015"]
[Site "Lingen (Ems) GER"]
[Date "2015.12.29"]
[Round "6"]
[White "Acikel, Mert"]
[Black "Perekhozhuk, Maksym"]
[Result "1/2-1/2"]
[Termination "normal"]
[Board "3.3"]
[WhiteElo "1859"]
[BlackElo "1875"]
[WhiteClock "00:22:58"]
[BlackClock "00:31:57"]
[WhiteTeam "SV Mattnetz Berlin"]
[BlackTeam "USV Volksbank Halle"]
[PlyCount "88"]
[WhiteFideId "12956465"]
[BlackFideId "12914860"]
[EventCountry "GER"]
[EventRounds "7"]
[EventType "team-swiss"]
[EventDate "2015.12.26"]

1. e4 {[%clk 1:30:57]} c5 {[%clk 1:30:54]} 2. Nf3 {[%clk 1:31:19]} d6 {[%clk
1:31:19]} 3. d4 {[%clk 1:31:42]} cxd4 {[%clk 1:31:45]} 4. Nxd4 {[%clk 1:32:07]}
Nf6 {[%clk 1:32:11]} 5. Nc3 {[%clk 1:32:30]} g6 {[%clk 1:32:37]} 6. Be2 {[%clk
1:32:32]} Bg7 {[%clk 1:32:46]} 7. O-O {[%clk 1:32:47]} O-O {[%clk 1:32:49]} 8.
Bg5 {[%clk 1:33:06]} Nc6 {[%clk 1:32:48]} 9. Nb3 {[%clk 1:33:28]} Be6 {[%clk
1:32:05]} 10. Re1 {[%clk 1:33:11]} Rc8 {[%clk 1:27:57]} 11. Bf1 {[%clk
1:32:07]} Ne5 {[%clk 1:20:59]} 12. Nd5 {[%clk 1:25:12]} Bxd5 {[%clk 1:15:29]}
13. exd5 {[%clk 1:25:17]} Qb6 {[%clk 1:11:51]} 14. c3 {[%clk 1:13:13]} Rfe8
{[%clk 1:08:29]} 15. h3 {[%clk 0:53:52]} a5 {[%clk 0:59:55]} 16. Be3 {[%clk
0:52:40]} Qc7 {[%clk 0:59:16]} 17. Bb5 {[%clk 0:50:30]} Rf8 {[%clk 0:55:32]}
18. Qd4 {[%clk 0:42:06]} Nfd7 {[%clk 0:52:30]} 19. Qa4 {[%clk 0:40:53]} Nf6
{[%clk 0:43:43]} 20. Rad1 {[%clk 0:32:24]} Ra8 {[%clk 0:36:52]} 21. Kh1 {[%clk
0:18:56]} Rfc8 {[%clk 0:27:49]} 22. f4 {[%clk 0:15:45]} Nc4 {[%clk 0:25:27]}
23. Bxc4 {[%clk 0:16:05]} Qxc4 {[%clk 0:25:34]} 24. Qxc4 {[%clk 0:16:30]} Rxc4
{[%clk 0:25:41]} 25. Bb6 {[%clk 0:16:44]} Rxf4 {[%clk 0:19:19]} 26. Rxe7 {[%clk
0:16:33]} Rf5 {[%clk 0:16:35]} 27. Rxb7 {[%clk 0:11:45]} Nxd5 {[%clk 0:15:24]}
28. Bg1 {[%clk 0:09:42]} a4 {[%clk 0:04:22]} 29. Nd4 {[%clk 0:09:20]} Rh5
{[%clk 0:03:33]} 30. Nc6 {[%clk 0:04:23]} Bf8 {[%clk 0:02:38]} 31. Rf1 {[%clk
0:03:15]} f6 {[%clk 0:02:18]} 32. Bd4 {[%clk 0:02:53]} Rc8 {[%clk 0:01:57]} 33.
Nb8 {[%clk 0:02:30]} Be7 {[%clk 0:01:57]} 34. Nd7 {[%clk 0:02:27]} f5 {[%clk
0:01:30]} 35. Re1 {[%clk 0:02:00]} Bh4 {[%clk 0:01:26]} 36. Re6 {[%clk
0:01:25]} Bg3 {[%clk 0:01:11]} 37. Nf6+ {[%clk 0:00:57]} Nxf6 {[%clk 0:01:20]}
38. Bxf6 {[%clk 0:01:27]} f4 {[%clk 0:00:48]} 39. Ree7 {[%clk 0:00:46]} Rd5
{[%clk 0:00:48]} 40. Rg7+ {[%clk 0:00:38]} Kf8 {[%clk 0:01:01]} 41. Rgf7+
{[%clk 0:28:10]} Kg8 {[%clk 0:30:58]} 42. Rg7+ {[%clk 0:27:37]} Kf8 43. Rgf7+
{[%clk 0:23:18]} Kg8 {[%clk 0:31:38]} 44. Rg7+ {[%clk 0:22:58]} Kf8 {[%clk
0:31:57]} 1/2-1/2

[Event "DVM U16 2015"]
[Site "Lingen (Ems) GER"]
[Date "2015.12.29"]
[Round "6"]
[White "Schulte, Felix"]
[Black "Klodt, Daniel"]
[Result "1-0"]
[Termination "normal"]
[Board "3.4"]
[WhiteElo "1813"]
[BlackElo "1751"]
[WhiteClock "00:03:13"]
[BlackClock "00:01:34"]
[WhiteTeam "USV Volksbank Halle"]
[BlackTeam "SV Mattnetz Berlin"]
[PlyCount "134"]
[WhiteFideId "12914800"]
[BlackFideId "12938068"]
[EventCountry "GER"]
[EventRounds "7"]
[EventType "team-swiss"]
[EventDate "2015.12.26"]

1. d4 d5 2. c4 e6 3. Nc3 Nf6 4. Bg5 Nbd7 5. cxd5 exd5 6. e3 c6 7. Bd3 Be7 8.
Qc2 O-O 9. Nf3 Re8 10. h3 h6 11. Bf4 Nf8 12. O-O Be6 13. Rab1 Bd6 14. Bxd6 Qxd6
15. b4 a6 16. a4 Rec8 17. Rfc1 N8d7 18. b5 axb5 19. axb5 c5 20. dxc5 Nxc5 21.
Qd2 Qe7 22. Nd4 Nce4 23. Qe1 Nxc3 24. Rxc3 Ne4 25. Rxc8+ Rxc8 26. Rc1 Rxc1 27.
Qxc1 Qc5 28. Qxc5 Nxc5 29. Bc2 Kf8 30. Kf1 Ke7 31. Ke2 Bd7 32. f3 Kd6 33. Kd2
Ne6 34. Bd3 Kc5 35. Kc3 Nc7 36. Nb3+ Kb6 37. Nd4 Nxb5+ 38. Bxb5 Bxb5 39. Nf5
Kc5 40. Nxg7 Bf1 41. Nf5 h5 42. Nh4 b5 43. g4 hxg4 44. hxg4 Kd6 45. Nf5+ Ke5
46. Ng3 Bc4 47. f4+ Ke6 48. g5 Kd6 49. Nf5+ Ke6 50. Nd4+ Ke7 51. Kb4 Bd3 52.
Nxb5 f6 53. gxf6+ Kxf6 54. Nd4 Ke7 55. Kc5 Be4 56. Kb4 Kd6 57. Kc3 Kc5 58. Kd2
Kd6 59. Ke2 Ke7 60. Kf2 Kf6 61. Kg3 Bd3 62. Kg4 Kg6 63. Nc6 Bf5+ 64. Kh4 Be4
65. Nd4 Bd3 66. Nf3 Be4 67. Ng5 Kf5 1-0

[Event "DVM U16 2015"]
[Site "Lingen (Ems) GER"]
[Date "2015.12.29"]
[Round "6"]
[White "Ovsepyan, Arshak"]
[Black "Kania, Markus"]
[Result "1-0"]
[Termination "normal"]
[Board "4.1"]
[WhiteElo "2138"]
[BlackElo "1796"]
[WhiteTeam "SK Gräfelfing"]
[BlackTeam "MTV 1876 Saalfeld"]
[PlyCount "79"]
[WhiteFideId "24690236"]
[BlackFideId "12903736"]
[EventCountry "GER"]
[EventRounds "7"]
[EventType "team-swiss"]
[EventDate "2015.12.26"]

1. d4 Nf6 2. c4 g6 3. Nc3 d5 4. e3 Bg7 5. Qb3 c6 6. Nf3 O-O 7. Bd3 dxc4 8. Bxc4
b5 9. Be2 Bb7 10. O-O Qc7 11. Bd2 Nbd7 12. Rac1 a6 13. a4 Qb6 14. Rfd1 Rab8 15.
e4 b4 16. Nb1 Nxe4 17. Qxb4 Nxd2 18. Qxd2 Rfc8 19. a5 Qa7 20. b4 e5 21. dxe5
Nxe5 22. Nxe5 Bxe5 23. Rc5 Re8 24. Bf3 Qa8 25. g3 Rbd8 26. Qc2 Bd6 27. Rc4 Re6
28. Nc3 Rde8 29. Ne4 Bf8 30. Nc5 Bxc5 31. Rxc5 Re5 32. Rd6 Qb8 33. Rxe5 Rxe5
34. Qd2 Re1+ 35. Kg2 Re8 36. Qd4 Qa8 37. Qb6 Rc8 38. Rd7 Rb8 39. Qc7 Bc8 40.
Bxc6 1-0

[Event "DVM U16 2015"]
[Site "Lingen (Ems) GER"]
[Date "2015.12.29"]
[Round "6"]
[White "Ratay, Meike"]
[Black "von Schlippe, Nikolai"]
[Result "0-1"]
[Termination "normal"]
[Board "4.2"]
[WhiteElo "1678"]
[BlackElo "1970"]
[WhiteTeam "MTV 1876 Saalfeld"]
[BlackTeam "SK Gräfelfing"]
[PlyCount "92"]
[WhiteFideId "12977608"]
[BlackFideId "12928135"]
[EventCountry "GER"]
[EventRounds "7"]
[EventType "team-swiss"]
[EventDate "2015.12.26"]

1. e4 c5 2. Nf3 d6 3. d4 cxd4 4. Nxd4 Nf6 5. Nc3 g6 6. f3 Bg7 7. Be3 Nc6 8. Qd2
O-O 9. g4 Nxd4 10. Bxd4 Be6 11. h4 Qa5 12. g5 Nh5 13. Bxg7 Kxg7 14. Nd5 Qxd2+
15. Kxd2 Bxd5 16. exd5 Rfc8 17. Bd3 Rc5 18. c4 b5 19. b3 bxc4 20. Bxc4 Nf4 21.
Rhe1 Nxd5 22. Rac1 Rac8 23. a3 Nb6 24. Bf1 Rxc1 25. Rxc1 Rxc1 26. Kxc1 f6 27.
Kd2 Kf7 28. Ke3 e5 29. a4 f5 30. a5 Nd5+ 31. Kd2 Nc7 32. b4 Ke7 33. Kd3 d5 34.
Kc3 Kd6 35. Kb3 Ne6 36. Kc3 f4 37. Be2 Nd4 38. Bd1 Nf5 39. Be2 Nxh4 40. Kb3 Nf5
41. Ka4 Nd4 42. Bd1 Kc6 43. b5+ Nxb5 44. Kb4 Nd4 45. Ba4+ Kd6 46. Bd1 a6 0-1